Song anhand 2:42 Minuten vom Songtext erraten - Statistiken

Allgemein
  • Dieses Quiz wurde 227 mal gespielt
  • Das Durchschnittsergebnis liegt bei 195 aus 500
Antwortstatistiken
Antwort % Korrekt
Ich
98%
ich
98%
da
79%
er
79%
sie
79%
es
76%
Es
76%
und
72%
Und
72%
die
71%
Die
71%
das
70%
der
68%
ein
62%
nich
61%
In
60%
in
60%
So
60%
so
60%
Wie
60%
wie
60%
hab
59%
ist
58%
ma
57%
war
57%
wär
57%
den
55%
kann
55%
für
54%
nicht
53%
will
53%
mein
50%
Mein
50%
im
49%
ne
48%
Was
48%
zu
44%
Auf
43%
auf
43%
Mit
43%
mit
43%
ab
39%
en
39%
meine
39%
Oder
38%
oder
38%
dir
37%
doch
37%
Doch
37%
einen
36%
wenn
36%
haben
35%
dann
34%
dem
34%
werde
34%
hat
33%
los
31%
alle
30%
auch
30%
bei
29%
von
29%
denn
27%
sehen
27%
weil
27%
als
26%
gehen
26%
hier
26%
kein
26%
Leben
26%
mehr
26%
meinem
26%
ob
26%
sag
25%
Sag
25%
Tag
24%
muss
23%
Nacht
23%
Nein
23%
getan
22%
zum
22%
glaub
21%
komm
20%
liegt
20%
Liegt
20%
Weg
20%
gewesen
19%
jetzt
19%
Keller
19%
Leiche
19%
Scheiße
19%
weiß
19%
bins
18%
bau
17%
dieser
17%
hätte
17%
jemand
17%
Opa
17%
nichts
16%
beweisen
15%
Blut
15%
ihm
15%
ihn
15%
Plan
15%
unter
15%
wird
15%
meiner
14%
raus
14%
sich
14%
Sofa
14%
Toter
14%
Überall
14%
überall
14%
diesen
13%
hol
13%
keiner
13%
konnte
13%
nen
12%
werden
12%
Garten
11%
wars
11%
gibt
10%
kommen
10%
Kommt
10%
Freunde
9%
lad
9%
letzte
9%
rot
9%
Bett
8%
bloß
8%
Ey
8%
große
8%
ins
8%
Lieber
8%
Mond
8%
seinem
8%
einfach
7%
Kiste
7%
klar
7%
leg
7%
Sarg
7%
schlag
7%
sowas
7%
zurück
7%
anderen
6%
bitte
6%
Fleisch
6%
ihrem
6%
nachfragen
6%
Schneemann
6%
sterben
6%
Winter
6%
Zimmer
6%
Barbecue
5%
Baumarkt
5%
ganzes
5%
Leute
5%
Motorsäge
5%
Rakete
5%
ruhig
5%
rum
5%
baue
4%
denkt
4%
gieß
4%
komplett
4%
pack
4%
reicht
4%
schieße
4%
Schreiben
4%
verpasst
4%
wach
4%
zerlege
4%
Arsch
3%
Bad
3%
Beton
3%
Boden
3%
Brücke
3%
daraus
3%
färben
3%
Geller
3%
hilft
3%
Leichen
3%
nass
3%
nem
3%
Scheibe
3%
solln
3%
stell
3%
Tiefkühltruhe
3%
Tresen
3%
umgebracht
3%
Wintergarten
3%
ann
2%
aufm
2%
Copperfield
2%
dicken
2%
Fleischerei
2%
Häcksler
2%
Körperwelten
2%
mittn
2%
Pennern
2%
Schädel
2%
schlimmer
2%
schneid
2%
selten
2%
Sender
2%
Statuen
2%
stört
2%
unbedingt
2%
Uri
2%
Keine übereinstimmenden Quizze gefunden
Verteilung der Resultate
Anzahl Personen mit jedem Resultat
Perzentil nach korrekt beantworteten Fragen
Ihre Resultats-Entwicklung
Sie haben dieses Quiz noch nicht gespielt